000 00891nam a2200181Ia 4500
008 100920s9999 xx 000 0 und d
082 _b82700
_a891.43 न 00
100 _aतिवारी रजनीकान्त / तिवारी विश्व मोहन.
245 _aउपग्रह के बाहर - भीतर : भारत के हस्ताक्षर.
260 _bसूचना और प्रसारण मन्त्रालय, भारत सरकार.
_c2000
300 _a193
_bसाधी
365 _b102
520 _aहिंदी.
630 _aउपग्रह के बाहर - भीतर : भारत के हस्ताक्षर.
650 _aहिंदी.
730 _aउपग्रह के बाहर - भीतर : भारत के हस्ताक्षर.
942 _cBOOK
999 _c723360
_d723357